Lord of the Mysteries - The Hanged Man Pathway - Statistics

General Stats
  • This quiz has been taken 22 times
  • The average score is 7 of 10
Answer Stats
Sequence Number Name of Potion % Correct
Sequence 0 The Hanged Man
90%
Sequence 5 Shepherd
85%
Sequence 8 Listener
80%
Sequence 1 Dark Angel
75%
Sequence 6 Rose Bishop
70%
Sequence 9 Secrets Suppliant
70%
Sequence 4 Black Knight
55%
Sequence 2 Profane Presbyter
50%
Sequence 3 Trinity Templar
50%
Sequence 7 Shadow Ascetic
45%
No matching quizzes found
Score Distribution
Percent of People with Each Score
Percentile by Number Answered
Your Score History
You have not taken this quiz